| 000 | 00795nam a22001817a 4500 | ||
|---|---|---|---|
| 999 |
_c14930 _d14930 |
||
| 003 | OSt | ||
| 082 | _2631.3 BIN/PE | ||
| 088 | _aP 164 | ||
| 100 |
_aBINOY K.M _aJAYASANKAR S. KAIMAL _93379 |
||
| 245 | _aPerformance evaluation of a paddy drum seeder in a farmer's field in Chamravattom of Malappuram district | ||
| 260 |
_aTavanur 2006 _bKelappaji College of Agricultural Engineering and Technology |
||
| 300 | _a52 | ||
| 500 | _aPerformance evaluation of a paddy drum seeder in a farmer's field in Chamravattom of Malappuram district | ||
| 520 | _aPerformance evaluation of a paddy drum seeder in a farmer's field in Chamravattom of Malappuram district | ||
| 700 |
_aDr. Jayan P.R (Guide) _93380 |
||
| 856 | _uhttps://drive.google.com/open?id=11XY_cnsBZZ-V7-urY52sPcidx8CZ9gUP | ||
| 942 | _cPR | ||